Legal environment

Gardado en:
Detalles Bibliográficos
Autor Principal: Beatty, Jeffrey F.
Formato: Libro
Idioma:Undetermined
Publicado: Australia Thomson 2005
Những chủ đề:
Các nhãn: Engadir etiqueta
Sen Etiquetas, Sexa o primeiro en etiquetar este rexistro!
Thư viện lưu trữ: Trung tâm Học liệu Trường Đại học Cần Thơ
LEADER 00553nam a2200205Ia 4500
001 CTU_96953
008 210402s9999 xx 000 0 und d
020 |c 1284000 
082 |a 346.7307 
082 |b B369 
100 |a Beatty, Jeffrey F. 
245 0 |a Legal environment 
245 0 |c Jeffrey F. Beatty, Susan S. Samuelson 
260 |a Australia 
260 |b Thomson 
260 |c 2005 
650 |a Commercial law,Environmental law 
650 |z United States 
904 |i Tuyến 
980 |a Trung tâm Học liệu Trường Đại học Cần Thơ